header

Jackalope dreams (Record no. 231494)

MARC details
000 -LEADER
fixed length control field 01324nam a2200385 a 4500
082 04 - DEWEY DECIMAL CLASSIFICATION NUMBER
Classification number 813/.54
100 1# - MAIN ENTRY--AUTHOR NAME
Personal name Blew, Mary Clearman,
245 10 - TITLE STATEMENT
Title Jackalope dreams
260 ## - PUBLICATION, DISTRIBUTION, ETC. (IMPRINT)
Place of publication Lincoln :
Name of publisher University of Nebraska Press,
Year of publication c2008.
300 ## - PHYSICAL DESCRIPTION
Number of Pages 390 p.
490 1# - SERIES STATEMENT
Series statement Flyover fiction
650 #0 - SUBJECT ADDED ENTRY--TOPICAL TERM
Topical Term Retired teachers
Topical Term Parent and adult child
Topical Term Suicide
856 40 - ELECTRONIC LOCATION AND ACCESS
Uniform Resource Identifier http://site.ebrary.com/lib/rucke/Doc?id=10217012

No items available.

© 2026 Rongo University
Contact us: librarian | system librarian | Rongo university